<?xml version="1.0" encoding="UTF-8"?>
<marc:record xmlns:marc="http://www.loc.gov/MARC21/slim">
   <marc:leader>00000nam a2200000 a 4500</marc:leader>
   <marc:datafield ind1="1" ind2=" " tag="100">
      <marc:subfield code="a">Noël, Kettly</marc:subfield>
   </marc:datafield>
   <marc:datafield ind1="1" ind2=" " tag="100">
      <marc:subfield code="a">Kiki, Toulou</marc:subfield>
   </marc:datafield>
   <marc:datafield ind1="1" ind2=" " tag="100">
      <marc:subfield code="a">Jafri, Abel</marc:subfield>
   </marc:datafield>
   <marc:datafield ind1="1" ind2=" " tag="100">
      <marc:subfield code="a">Sissako,  Abderrahmane</marc:subfield>
   </marc:datafield>
   <marc:datafield ind1="0" ind2="0" tag="245">
      <marc:subfield code="a">Timbuktu [Bildtonträger]</marc:subfield>
   </marc:datafield>
   <marc:datafield ind1="0" ind2="0" tag="245">
      <marc:subfield code="c">ein Film von Abderrahmane Sissako. Mit Abel Jafri, Toulou Kiki, Kettly Noël ...</marc:subfield>
   </marc:datafield>
   <marc:datafield ind1=" " ind2="1" tag="264">
      <marc:subfield code="b">Indigo</marc:subfield>
      <marc:subfield code="c">2016</marc:subfield>
   </marc:datafield>
   <marc:datafield ind1="1" ind2=" " tag="520">
      <marc:subfield code="a">Die von Mythen umwobene malische Stadt Timbuktu wird von Dschihadisten übernommen, die ihre Regeln der Bevölkerung aufzwingen wollen. Die Beduinen-Familie von Kidane lebt friedlich in ihrem Zelt, bis ein Zwist mit dem Fischer Amabou alles durcheinander bringt. Abderrahmane Sisskao schafft es auf bewegende Weise, dem grassierenden Fundamentalismus auf sanfte Art ein zutiefst menschliches Filmgedicht entgegenzuhalten.</marc:subfield>
   </marc:datafield>
   <marc:datafield ind1=" " ind2=" " tag="020">
      <marc:subfield code="a">4015698001334</marc:subfield>
      <marc:subfield code="9">4015698001334</marc:subfield>
   </marc:datafield>
   <marc:datafield ind1=" " ind2=" " tag="500">
      <marc:subfield code="a">Orig. : Mauretanien, Frankreich 2014. Sprache: Original mit Untertiteln. Untertitel: Deutsch, Französisch, Italienisch</marc:subfield>
   </marc:datafield>
   <marc:datafield ind1="0" ind2=" " tag="490">
      <marc:subfield code="v">0</marc:subfield>
   </marc:datafield>
   <marc:datafield ind1=" " ind2=" " tag="300">
      <marc:subfield code="a">1 DVD (97 Min.) : farbig</marc:subfield>
   </marc:datafield>
</marc:record>
